Statistics for Fire Emblem Playable Characters - I

Click here to take the quiz!

General Stats

  • This quiz has been taken 11 times
  • The average score is 12 of 19

Answer Stats

Answer% Correct
Ilyana
100%
Ingrid
100%
Iago
67%
Idunn
67%
Ignatius
67%
Ignatz
67%
Ike
67%
Ilios
67%
Inigo
67%
Innes
67%
Ishtar
67%
Ismaire
67%
Itsuki
67%
Iuchar
67%
Iucharba
67%
Ivy
67%
Igrene
33%
Isadora
33%
Izana
33%

Score Distribution

Percentile by Number Answered

Percent of People with Each Score

Your Score History

You have not taken this quiz